| 000 | 00552nam a2200169 i 4500 | ||
|---|---|---|---|
| 001 | 43743 | ||
| 003 | ES-MaACL | ||
| 005 | 20230906160852.0 | ||
| 007 | t| | ||
| 008 | 030318s1971 sp ||||1| spa d | ||
| 100 | 1 |
_aCervera Vera, Luis. _937646 |
|
| 245 | 1 | 3 |
_aEl núcleo urbano de Lerma desde sus orígenes al siglo XI / _cpor Luis Cervera Vera. |
| 260 |
_aBurgos : _bInstitución Fernán González, _c1971. |
||
| 300 |
_a116 p., 4 lám. : _bil. ; _c27 cm. |
||
| 710 | 2 |
_aInstitución Fernán González. _94720 |
|
| 852 |
_aES-MaACL _jC-41358 _bR.79166 |
||
| 999 |
_c43743 _d43743 |
||